000 01138cad a22002175a 4500
001 L145689
008 070830s2008 xxkd f s 000 0 eng d
035 _a(Sirsi) u145689
041 0 _aeng
050 0 4 _a333.33 $2 18
110 2 _aDrivers Jonas
_91941
245 0 0 _aInvestment trends
_bSummer report 2008
_h[electronic resource]
260 _aLondon
_bDrivers Jonas
_c2008
490 0 _aDrivers Jonas Investment Trends
_vSummer 2008
520 _aReports that values have continued to fall as economic conditions put pressure on the investment sector. Finds that the combination of tight lending markets, economic weakness and risk aversion has led to the re-pricing of commercial property. Suggests that it could be at least a year before confidence in pricing returns, but real opportunities still exist for the well-financed investor buying for the long term.
590 _aKA
651 4 _aEngland and Wales
_y1543-
690 _aPROPERTY-COMMERCIAL PROPERTY-COMMERCIAL PROPERTY MARKET
856 4 0 _uhttps://www.driversjonas.com
_zView the item free of charge (registration necessary) at www.driversjonas.com...
942 _n0
999 _c108864
_d108864